Basic electrical engineering (Record no. 7166)

000 -LEADER
fixed length control field 00658nam a2200217 4500
001 - CONTROL NUMBER
control field 7166
003 - CONTROL NUMBER IDENTIFIER
control field BD-DhUET
008 - FIXED-LENGTH DATA ELEMENTS--GENERAL INFORMATION
fixed length control field 740521s1975 nyua 001 0 eng
020 ## - INTERNATIONAL STANDARD BOOK NUMBER
International Standard Book Number 0070211523
040 ## - CATALOGING SOURCE
Original cataloging agency DLC
Transcribing agency DLC
Modifying agency BD-DhUET
082 00 - DEWEY DECIMAL CLASSIFICATION NUMBER
Classification number 623
Item number FIT/1975
100 1# - MAIN ENTRY--PERSONAL NAME
Personal name Fitzgerald, A. E.
245 10 - TITLE STATEMENT
Title Basic electrical engineering
Remainder of title circuits,electronics,machines,control
Statement of responsibility, etc. by A. E. Fitzgerald, David E. Higginbotham and Arvin Grabel
250 ## - EDITION STATEMENT
Edition statement 4th ed.
260 ## - PUBLICATION, DISTRIBUTION, ETC. (IMPRINT)
Place of publication, distribution, etc. New York
Name of publisher, distributor, etc. McGraw-Hill
Date of publication, distribution, etc. 1975
300 ## - PHYSICAL DESCRIPTION
Extent xiv, 817 p.
Other physical details illus.
Dimensions 24 cm.
650 #0 - SUBJECT ADDED ENTRY--TOPICAL TERM
Topical term or geographic name as entry element Electricity : Engineering
700 ## - ADDED ENTRY--PERSONAL NAME
Personal name Higginbotham, David E.
700 ## - ADDED ENTRY--PERSONAL NAME
Personal name Grabel, Arvin
942 ## - ADDED ENTRY ELEMENTS (KOHA)
Koha item type General Book
Holdings
Shelving location Piece designation (barcode) Price effective from Koha full call number Copy number Not for loan Lost status Koha normalized classification for sorting Source of classification or shelving scheme Withdrawn status Date acquired Koha date last seen Koha issues (times borrowed) Koha item type Sublocation or collection (holding branch) Koha date last borrowed Location (home branch) Damaged status
Circulation section653642014-12-07623/PIT/19751  623PIT1975  2014-12-072018-08-041General BookCentral Library, BUET2018-07-21Central Library, BUET 
Circulation section433092015-03-12623/PIT/19752  623_000000000000000_PIT_1975  2015-03-122015-03-12 General BookCentral Library, BUET Central Library, BUET 
Circulation section433142015-03-12623/PIT/19753  623_000000000000000_PIT_1975  2015-03-122015-03-12 General BookCentral Library, BUET Central Library, BUET 
Circulation section436762015-03-12623/PIT/19754  623_000000000000000_PIT_1975  2015-03-122015-03-12 General BookCentral Library, BUET Central Library, BUET 
Circulation section428432015-03-12623/PIT/19755  623_000000000000000_PIT_1975  2015-03-122015-03-12 General BookCentral Library, BUET Central Library, BUET 
Circulation section433082015-04-16623/FIT/19756  623_000000000000000_FIT_1975  2015-04-162015-04-16 General BookCentral Library, BUET Central Library, BUET 
Circulation section433162015-04-18623/FIT/19757  623_000000000000000_FIT_1975  2015-04-182015-04-18 General BookCentral Library, BUET Central Library, BUET 
Circulation section433102015-04-21623/FIT/19758  623_000000000000000_FIT_1975  2015-04-212015-04-21 General BookCentral Library, BUET Central Library, BUET 
Circulation section436772015-04-21623/FIT/19759  623_000000000000000_FIT_1975  2015-04-212015-04-21 General BookCentral Library, BUET Central Library, BUET 
Circulation section433132015-04-21623/FIT/197510  623_000000000000000_FIT_1975  2015-04-212015-04-21 General BookCentral Library, BUET Central Library, BUET 
Circulation section433072015-04-21623/FIT/197511  623_000000000000000_FIT_1975  2015-04-212015-04-21 General BookCentral Library, BUET Central Library, BUET 
Circulation section511012015-04-21623/FIT/197512  623_000000000000000_FIT_1975  2015-04-212015-04-21 General BookCentral Library, BUET Central Library, BUET 
Reading section428412015-06-28623/FIT/197513  623_000000000000000_FIT_1975  2015-06-282015-06-28 Reading ItemCentral Library, BUET Central Library, BUET 
Reading section428402015-06-28623/FIT/197514  623_000000000000000_FIT_1975  2015-06-282015-06-28 Reading ItemCentral Library, BUET Central Library, BUET 
Reading section436792015-06-28623/FIT/197515  623_000000000000000_FIT_1975  2015-06-282015-06-28 Reading ItemCentral Library, BUET Central Library, BUET